| 000 | 00520nam a2200169Ia 4500 | ||
|---|---|---|---|
| 008 | 151213s9999 xx 000 0 und d | ||
| 020 | _a984-843-049-0 | ||
| 100 | _aএ. বি . সিদ্দিক। | ||
| 245 |
_aটর্ট আইন। _cএ. বি . সিদ্দিক। |
||
| 250 | _a১ম | ||
| 260 |
_aউযধশধ _bলকামরুল বকু হাউস _c1984 |
||
| 300 | _a5144 p. | ||
| 650 | _aLaw | ||
| 650 | _aLaw | ||
| 700 | _aএ. বি . সিদ্দিক। | ||
| 999 |
_c3174 _d3174 |
||